| 000 | 01902nam a2200373 a 4500 | ||
|---|---|---|---|
| 001 | ebr10442130 | ||
| 003 | CaPaEBR | ||
| 006 | m u | ||
| 007 | cr cn||||||||| | ||
| 008 | 100716s2011 ncua sb 001 0 eng d | ||
| 010 | _z 2010029268 | ||
| 020 | _z9780807834435 (cloth : alk. paper) | ||
| 020 | _z9780807871768 (pbk : alk. paper) | ||
| 020 | _z9780807878019 (e-book) | ||
| 040 |
_aCaPaEBR _cCaPaEBR |
||
| 035 | _a(OCoLC)703233903 | ||
| 043 | _an-us--- | ||
| 050 | 1 | 4 |
_aHD1694.A5 _bT37 2011eb |
| 082 | 0 | 4 |
_a333.70973 _222 |
| 100 | 1 | _aTeisch, Jessica B. | |
| 245 | 1 | 0 |
_aEngineering nature _h[electronic resource] : _bwater, development, & the global spread of American environmental expertise / _cJessica B. Teisch. |
| 260 |
_aChapel Hill [N.C.] : _bUniversity of North Carolina Press, _cc2011. |
||
| 300 |
_a260 p. : _bill. |
||
| 504 | _aIncludes bibliographical references and index. | ||
| 505 | 0 | _aLessons of valuable experience : what California learned from India -- A great mission for the race : lessons and experiences from California -- The California model and the Australian awakening -- Home is not so very far away : civilizing the South African frontier -- Nothing but commercial feudalism : California's Hawaiian empire -- Palestine's peculiar social experiments. | |
| 533 |
_aElectronic reproduction. _bPalo Alto, Calif. : _cebrary, _d2011. _nAvailable via World Wide Web. _nAccess may be limited to ebrary affiliated libraries. |
||
| 650 | 0 |
_aWater resources development _zUnited States _xHistory. |
|
| 650 | 0 |
_aMining engineering _zUnited States _xHistory. |
|
| 650 | 0 |
_aWater resources development _xHistory. |
|
| 650 | 0 |
_aMining engineering _xHistory. |
|
| 655 | 7 |
_aElectronic books. _2local |
|
| 710 | 2 | _aebrary, Inc. | |
| 856 | 4 | 0 |
_uhttp://site.ebrary.com/lib/rucke/Doc?id=10442130 _zAn electronic book accessible through the World Wide Web; click to view |
| 999 |
_c135509 _d135509 |
||